=LDR 00000nam 2200000 4500 =001 INLIS000000000021513 =005 20130612120353 =008 ***********************************Ind** =035 ##$$0010-061300000021513 =041 ##$$a Ind =082 ##$$a 658.403 8 =090 ##$$a 658.403 8, Win p =100 ##$$a Winardi =245 ##$$a Pengantar tentang sistem informasi manajemen, Winardi, SE =260 ##$$a 1987 $b Bandung =300 ##$$a xi, 225 hlm, 21 cm =650 ##$$a Manajemen =850 ##$$a NBPNMAT =990 ##$$a 0001/BPAP-NTB/2016